[Event "Tasnad Orasului Cup"]
[Site "Tasnad"]
[Date "2021.09.12"]
[Round "6"]
[White "Lazin, Robert Tamas"]
[Black "Serban, Cristian Stefan"]
[Result "1-0"]
[WhiteElo "1951"]
[BlackElo "1990"]
[PlyCount "43"]
[EventDate "2021.09.09"]
[EventType "swiss"]
[EventRounds "7"]
[EventCountry "ROU"]
[SourceTitle "CBM 204 Extra"]
[Source "ChessBase"]
[SourceDate "2021.11.30"]
[SourceVersion "1"]
[SourceVersionDate "2021.11.30"]
[SourceQuality "1"]

1. e4 c5 2. Nc3 Nc6 3. Bb5 Nd4 4. Bc4 d6 5. Nge2 Nf6 6. 0-0 e6 7. d3 d5 8. exd5 exd5 9. Nxd5 Nxd5 10. Nxd4 cxd4 11. Qh5 Be7 12. Bxd5 0-0 13. Re1 Qc7 14. Be4 g6 15. Qf3 Bd6 16. Bh6 Rd8 17. Bd5 Bf5 18. h3 Be5 19. g4 Be6 20. Bxe6 fxe6 21. Qe4 Bh2+ 22. Kg2 1-0

[Event "Satu Mare Ferroli op"]
[Site "Satu Mare"]
[Date "2018.11.01"]
[Round "4"]
[White "Bonte, Arghir"]
[Black "Lazin, Robert Tamas"]
[Result "0-1"]
[WhiteElo "1943"]
[BlackElo "1937"]
[PlyCount "95"]
[EventDate "2018.10.30"]
[EventType "swiss"]
[EventRounds "9"]
[EventCountry "ROU"]
[SourceTitle "CBM 187 Extra"]
[Source "ChessBase"]
[SourceDate "2018.11.04"]
[SourceVersion "1"]
[SourceVersionDate "2018.11.04"]
[SourceQuality "1"]

1. d4 f5 2. g3 Nf6 3. Bg2 e6 4. c4 d5 5. e3 c6 6. b3 Bd6 7. Nf3 0-0 8. 0-0 Qe7 9. Bb2 Ne4 10. Ne5 a5 11. f3 Ng5 12. h4 Nf7 13. f4 b6 14. Nd2 Bb7 15. Ndf3 Na6 16. Qe2 Bxe5 17. dxe5 c5 18. cxd5 Bxd5 19. Nd2 Bxg2 20. Qxg2 Nb4 21. e4 Nc2 22. exf5 exf5 23. Nc4 Nxa1 24. Nxb6 Rad8 25. Bxa1 Rd3 26. Nc4 Rfd8 27. Kh2 Nh6 28. Re1 Ng4+ 29. Kh3 g5 30. Qc6 gxf4 31. Rg1 fxg3 32. Rxg3 f4 33. Rf3 Nf2+ 34. Kg2 Ng4 35. Rxf4 Ne3+ 36. Nxe3 Rxe3 37. Rg4+ Kf7 38. Rf4+ Kg8 39. Kf2 Red3 40. Rg4+ Kh8 41. e6+ R3d4 42. Ke3 Qf6 43. Bxd4 cxd4+ 44. Ke4 d3 45. Qb6 d2 46. Rf4 Qg6+ 47. Ke5 d1Q 48. Re4 0-1

[Event "ROM-ch U18"]
[Site "Calimanesti"]
[Date "2015.04.06"]
[Round "9"]
[White "Scripcaru, George Daniel"]
[Black "Lazin, Robert Tamas"]
[Result "1-0"]
[WhiteElo "2223"]
[BlackElo "1981"]
[PlyCount "87"]
[EventDate "2015.03.30"]
[EventType "swiss"]
[EventRounds "9"]
[EventCountry "ROU"]
[SourceTitle "CBM 165 Extra"]
[Source "ChessBase"]
[SourceDate "2015.04.21"]
[SourceVersion "1"]
[SourceVersionDate "2015.04.21"]
[SourceQuality "1"]

1. e4 c6 2. d4 d5 3. e5 c5 4. dxc5 Nc6 5. Nf3 Bg4 6. Bb5 e6 7. b4 Nge7 8. Bb2 a6 9. Ba4 Ng6 10. Nbd2 Be7 11. h3 Bxf3 12. Nxf3 0-0 13. Bxc6 bxc6 14. 0-0 Rb8 15. Bc3 Qc7 16. Qd2 Rb7 17. a3 f6 18. Rfe1 Qd7 19. Rad1 Bd8 20. exf6 gxf6 21. Qe2 e5 22. Qxa6 Ra7 23. Qf1 Rxa3 24. Bd2 Kh8 25. c4 Rg8 26. Re3 Rxe3 27. Bxe3 d4 28. Bc1 Nh4 29. Nxh4 Qxh3 30. b5 Qxh4 31. b6 Qg4 32. Rd3 Rg7 33. Rg3 Qd7 34. Rxg7 Kxg7 35. Qd3 f5 36. Qg3+ Kf7 37. Qxe5 d3 38. Bd2 Bf6 39. Qb8 Bd4 40. b7 Bxf2+ 41. Kxf2 Qd4+ 42. Be3 Qb2+ 43. Kg1 d2 44. Qc7+ 1-0

[Event "ROM-ch U18"]
[Site "Calimanesti"]
[Date "2015.04.02"]
[Round "4"]
[White "Oprita, George"]
[Black "Lazin, Robert Tamas"]
[Result "0-1"]
[WhiteElo "1718"]
[BlackElo "1981"]
[PlyCount "114"]
[EventDate "2015.03.30"]
[EventType "swiss"]
[EventRounds "9"]
[EventCountry "ROU"]
[SourceTitle "CBM 165 Extra"]
[Source "ChessBase"]
[SourceDate "2015.04.21"]
[SourceVersion "1"]
[SourceVersionDate "2015.04.21"]
[SourceQuality "1"]

1. d4 f5 2. e4 fxe4 3. f3 d5 4. fxe4 dxe4 5. Nc3 Nf6 6. Bg5 Bf5 7. Qd2 e6 8. a3 c6 9. Nge2 Be7 10. Ng3 Nbd7 11. 0-0-0 h6 12. Be3 Nb6 13. Be2 Bg6 14. Kb1 Qd7 15. h4 0-0-0 16. Bf4 Bd6 17. h5 Bh7 18. Rh4 Bxf4 19. Rxf4 e5 20. Rh4 Qe7 21. Qe1 exd4 22. Ncxe4 Nxe4 23. Nxe4 Rhe8 24. Bf3 Kb8 25. Qg3+ Qc7 26. Qxc7+ Kxc7 27. Rg4 Re7 28. Nc5 Rd6 29. Rgxd4 Rxd4 30. Rxd4 Re1+ 31. Rd1 Rxd1+ 32. Bxd1 Bf5 33. g4 Bc8 34. b4 Nd5 35. Bf3 Ne3 36. Kc1 Nxg4 37. Kd2 Ne5 38. Be2 b6 39. Nb3 Bg4 40. Nd4 Bd7 41. Ke3 Kd6 42. Ke4 Nf7 43. Kf4 Ng5 44. Nf5+ Ke6 45. Bg4 Kf6 46. Nd6 Ne6+ 47. Kg3 c5 48. bxc5 Nxc5 49. Bxd7 Nxd7 50. Ne8+ Kf7 51. Nd6+ Kf6 52. Ne8+ Kf7 53. Nd6+ Kf6 54. Ne8+ Kg5 55. Nxg7 Nf6 56. c4 Nxh5+ 57. Nxh5 Kxh5 0-1

[Event "ROM-ch U18"]
[Site "Calimanesti"]
[Date "2014.04.11"]
[Round "7"]
[White "Lazin, Robert Tamas"]
[Black "Mocanu, Victor Valentin"]
[Result "1/2-1/2"]
[WhiteElo "1917"]
[BlackElo "1909"]
[PlyCount "79"]
[EventDate "2014.04.06"]
[EventType "swiss"]
[EventRounds "9"]
[EventCountry "ROU"]
[SourceTitle "CBM 160 Extra"]
[Source "ChessBase"]
[SourceDate "2014.07.01"]
[SourceVersion "1"]
[SourceVersionDate "2014.07.01"]
[SourceQuality "1"]

1. e4 c5 2. c3 d5 3. exd5 Qxd5 4. d4 Nc6 5. Nf3 Bg4 6. Be2 e6 7. Be3 cxd4 8. cxd4 Nf6 9. Nc3 Qa5 10. Qb3 Qb4 11. Qc2 Bf5 12. Qd2 Ne4 13. Nxe4 Bxe4 14. 0-0 Qxd2 15. Nxd2 Bd5 16. a3 Be7 17. b4 Bf6 18. Nf3 a6 19. Rfd1 0-0 20. Ne1 Rfd8 21. Rd2 Rd7 22. Bf3 Rad8 23. Rad1 Ne7 24. Bxd5 Rxd5 25. Nf3 Nf5 26. h3 Nd6 27. Rd3 Nc4 28. Rc1 b5 29. Nd2 Nxd2 30. Rxd2 Kf8 31. Rc6 R5d6 32. Rdc2 g5 33. g3 h6 34. d5 Rxd5 35. Rxa6 R5d7 36. Rb6 Ra8 37. Rxb5 Rxa3 38. Rb8+ Kg7 39. b5 Be5 40. Re8 1/2-1/2

[Event "ROM-ch U16"]
[Site "Calimanesti"]
[Date "2013.04.08"]
[Round "9"]
[White "Gheorghe, Darius Daniel"]
[Black "Lazin, Robert Tamas"]
[Result "1-0"]
[WhiteElo "1864"]
[BlackElo "1833"]
[PlyCount "61"]
[EventDate "2013.04.02"]
[EventType "swiss"]
[EventRounds "9"]
[EventCountry "ROU"]
[SourceTitle "CBM 153 Extra"]
[Source "ChessBase"]
[SourceDate "2013.04.22"]
[SourceVersion "1"]
[SourceVersionDate "2013.04.22"]
[SourceQuality "1"]

1. e4 c6 2. d4 d5 3. exd5 cxd5 4. c4 Nf6 5. Nc3 e6 6. Nf3 Nc6 7. cxd5 Nxd5 8. Bd3 Be7 9. 0-0 0-0 10. a3 a6 11. Bc2 Nxc3 12. bxc3 Bf6 13. Qd3 g6 14. Bh6 Re8 15. Rfe1 b5 16. Nd2 Bb7 17. Ne4 Bg7 18. Bxg7 Kxg7 19. Qg3 Qb8 20. f4 Ne7 21. Nc5 Nd5 22. Re5 Bc6 23. h4 Nxf4 24. Qxf4 f6 25. Rf1 fxe5 26. Qf6+ Kg8 27. Qf7+ Kh8 28. Nxe6 Ra7 29. Qf6+ Kg8 30. Bb3 Rd7 31. Ng5+ 1-0

[Event "ROM-ch U16"]
[Site "Calimanesti"]
[Date "2013.04.05"]
[Round "5"]
[White "Lazin, Robert Tamas"]
[Black "Barbul, Ionel"]
[Result "1-0"]
[WhiteElo "1833"]
[BlackElo "1766"]
[PlyCount "43"]
[EventDate "2013.04.02"]
[EventType "swiss"]
[EventRounds "9"]
[EventCountry "ROU"]
[SourceTitle "CBM 153 Extra"]
[Source "ChessBase"]
[SourceDate "2013.04.22"]
[SourceVersion "1"]
[SourceVersionDate "2013.04.22"]
[SourceQuality "1"]

1. e4 c5 2. c4 Nc6 3. Nc3 e6 4. g3 Nf6 5. Bg2 d5 6. exd5 exd5 7. Nxd5 Nxd5 8. Bxd5 Nb4 9. Qf3 Qe7+ 10. Kf1 g6 11. Be4 Be6 12. a3 f5 13. Bxb7 Bxc4+ 14. Kg2 Nc2 15. Qc6+ Kf7 16. Nf3 Rb8 17. Qa4 Nxa1 18. Qxc4+ Kg7 19. b4 Rg8 20. Bb2+ Kh6 21. Re1 Qxb7 22. Qh4# 1-0

[Event "ROM-ch U16"]
[Site "Calimanesti"]
[Date "2013.04.03"]
[Round "2"]
[White "Lazin, Robert Tamas"]
[Black "Ciocanaru, Andrei"]
[Result "1-0"]
[WhiteElo "1833"]
[BlackElo "1656"]
[PlyCount "65"]
[EventDate "2013.04.02"]
[EventType "swiss"]
[EventRounds "9"]
[EventCountry "ROU"]
[SourceTitle "CBM 153 Extra"]
[Source "ChessBase"]
[SourceDate "2013.04.22"]
[SourceVersion "1"]
[SourceVersionDate "2013.04.22"]
[SourceQuality "1"]

1. e4 e6 2. f4 d5 3. e5 c5 4. Nf3 Ne7 5. c3 Nf5 6. Bd3 Nc6 7. Na3 a6 8. Nc2 c4 9. Bxf5 exf5 10. d4 b5 11. 0-0 Qb6 12. Be3 Be7 13. Bf2 0-0 14. Ne3 Qd8 15. Qc2 g6 16. h4 b4 17. Rad1 Rb8 18. Nxc4 dxc4 19. d5 Na5 20. d6 Re8 21. dxe7 Qxe7 22. Rd5 Nc6 23. Bc5 Qb7 24. Rd2 b3 25. axb3 Qxb3 26. Qxb3 Rxb3 27. Nd4 Bb7 28. Nxb3 cxb3 29. Rfd1 Rc8 30. Rd7 Ba8 31. Bb6 Kg7 32. e6 Rf8 33. Bc5 1-0

[Event "Satu Mare op 2nd"]
[Site "Satu Mare"]
[Date "2011.07.18"]
[Round "5"]
[White "Moldovan, Rares"]
[Black "Lazin, Robert Tamas"]
[Result "1/2-1/2"]
[WhiteElo "1638"]
[BlackElo "1692"]
[PlyCount "53"]
[EventDate "2011.07.15"]
[EventType "swiss"]
[EventRounds "9"]
[EventCountry "ROU"]
[SourceTitle "CBM 143 Extra"]
[Source "ChessBase"]
[SourceDate "2011.08.29"]
[SourceVersion "1"]
[SourceVersionDate "2011.08.29"]
[SourceQuality "1"]

1. e4 c6 2. Nc3 d5 3. Nf3 Bg4 4. h3 Bh5 5. Be2 e6 6. 0-0 Nf6 7. exd5 cxd5 8. Re1 Bxf3 9. Bxf3 Be7 10. d3 0-0 11. Qe2 Nc6 12. Qd2 a6 13. Ne2 Rc8 14. c3 b5 15. Ng3 h6 16. Qd1 Bd6 17. Nh5 Nxh5 18. Bxh5 Qf6 19. d4 Na5 20. Qg4 Kh8 21. Qe2 Nc4 22. Qc2 Bf4 23. Be2 Bxc1 24. Rexc1 Rc6 25. Bxc4 Rxc4 26. Qd3 Rfc8 27. Rc2 1/2-1/2

[Event "ROM-ch U12 Boys"]
[Site "Voineasa"]
[Date "2008.04.15"]
[Round "5"]
[White "Lazin, Robert Tamas"]
[Black "Berariu, Horia Roman"]
[Result "1-0"]
[WhiteElo "464"]
[BlackElo "401"]
[PlyCount "53"]
[EventDate "2008.04.08"]
[EventType "swiss"]
[EventRounds "9"]
[EventCountry "ROU"]
[SourceTitle "EXT 2013"]
[Source "ChessBase"]
[SourceDate "2012.11.22"]
[SourceVersion "1"]
[SourceVersionDate "2012.11.22"]
[SourceQuality "1"]

1. e4 d5 2. exd5 Nf6 3. c4 c6 4. dxc6 Nxc6 5. g3 e5 6. Bg2 Qb6 7. Ne2 Bf5 8. Nbc3 0-0-0 9. 0-0 h6 10. Qa4 a6 11. a3 Bd3 12. Re1 Bxc4 13. Qxc4 Bc5 14. Rf1 Na5 15. Bh3+ Nd7 16. Qe4 f6 17. b4 f5 18. Bxf5 g6 19. Bxd7+ Rxd7 20. bxc5 Qxc5 21. Qxg6 h5 22. Qf6 Rf8 23. Qh6 Rdf7 24. Ne4 Rxf2 25. Rxf2 Rxf2 26. Nxc5 Rxe2 27. Qxh5 1-0

[Event "ROM-ch U12 Boys"]
[Site "Voineasa"]
[Date "2008.04.15"]
[Round "6"]
[White "Lazin, Robert Tamas"]
[Black "Leonte, Dan"]
[Result "0-1"]
[WhiteElo "464"]
[BlackElo "572"]
[PlyCount "62"]
[EventDate "2008.04.08"]
[EventType "swiss"]
[EventRounds "9"]
[EventCountry "ROU"]
[SourceTitle "EXT 2013"]
[Source "ChessBase"]
[SourceDate "2012.11.22"]
[SourceVersion "1"]
[SourceVersionDate "2012.11.22"]
[SourceQuality "1"]

1. e4 Nf6 2. Nc3 d5 3. exd5 Nxd5 4. d4 Nxc3 5. bxc3 g6 6. g3 Bg7 7. Bg2 c5 8. Ne2 cxd4 9. cxd4 Nc6 10. c3 Bg4 11. h3 Bxe2 12. Qxe2 0-0 13. 0-0 e6 14. Bf4 Qa5 15. Qd2 Rfd8 16. Qc2 e5 17. dxe5 Bxe5 18. Bh6 Re8 19. Rac1 Rac8 20. Qb2 b6 21. Rfe1 Ne7 22. Re3 Nf5 23. Rxe5 Rxe5 24. f4 Re3 25. Qf2 Rexc3 26. Rxc3 Qxc3 27. Bg5 Qxg3 28. Qd2 Ne3 29. Bh4 Qxg2+ 30. Qxg2 Nxg2 31. Kxg2 Rc2+ 0-1